00416nam a2200145 a 450000500170000000800410001702000180005805000230007610000170009924500450011626000350016130000090019652000540020565000110025920140412111258.0110907s19uu xx 00 eng d a0-590-33996-6 aTR(PS EbTh32 1986 aCole, Joanna aThis is the place for me /cJoanna Cole. aNew York :bScholastic,c1986. aunp. aMorty is looking for a house. But it is not easy. ahouses